| 000 | 01102nam a22002657a 4500 | ||
|---|---|---|---|
| 999 |
_c20688 _d20688 |
||
| 005 | 20200103111332.0 | ||
| 008 | 200103b xxu||||| |||| 00| 0 spa d | ||
| 020 | _a9786074877670 | ||
| 040 |
_aCO-BoIAVH _cCO-BoIAVH |
||
| 041 | _aspa | ||
| 044 | _amx | ||
| 082 |
_a599.652 _bG13m |
||
| 100 |
_aGallina Tessaro, Sonia A _eEditora |
||
| 245 |
_aMonitoreo y manejo del venado cola blanca _b"Conceptos y métodos" _cSonia Gallina Tessaro, Salvador Mandujano y Oscar Villarreal; editores |
||
| 260 |
_aVeracruz, _bInstituto de ecología, _bBenemérita Universidad Autónoma de Puebla, Facultad de Medicina Veterinaria y Zootécnica, _c2014 |
||
| 300 |
_a218 páginas _bGráficas y fotografías a blanco y negro _c22 x 15 cm |
||
| 504 | _aBibliografía (páginas 199 - 218) | ||
| 650 | 0 |
_aVenado de cola blanca _zMéxico |
|
| 650 | 0 | _aHabitat - ecología | |
| 650 | 0 | _aManejo de vida silvestre | |
| 651 | 0 | _aMéxico | |
| 700 |
_aMandujano, Salvador _eeditor |
||
| 700 |
_aVillarreal Espino Barros, Oscar A _eeditor |
||
| 942 |
_2ddc _cLIBRO |
||